Normale Ansicht MARC-Ansicht ISBD

Europe Asia studies / (Titelsatznr. 39623)

[ MARC ]
MARC-Details
000 -Satzkennung
Kontrollfeld mit fester Länge 00754nas a22002411c 4500
001 - Kontrollnummer
Kontrollfeld a987681942
003 - Kontrollnummer Identifier
Kontrollfeld RU-10907106
005 - Datum und Zeit der letzten Transaktion
Kontrollfeld 20210727120204.0
008 - Feld mit fester Länge zur physischen Beschreibung - Allgemeine Angaben
Kontrollfeld mit fester Länge 110706m1993 gw |||| 000u eng d
022 ## - Internationale Standardseriennummer
Internationale Standardseriennummer 0038-5859
040 ## - Katalogisierungsquelle
Übertragungsstelle RU-10907106
Original-Katalogisierungsstelle RU-10907106
Katalogisierungssprache ger
041 ## - Sprachcode
Sprachcode des Textes/der Tonspur oder des separaten Titels eng
245 00 - Titel
Titel Europe Asia studies /
Verfasserangabe etc. publ. for the University of Glasgow
247 ## - Früherer Titel
Titel Soviet studies
264 ## - Produktion, Veröffentlichung, Distribution, Herstellung und Urheberrechtsvermerk
Herstellungs-, Veröffentlichungs- Vertriebs-, Erzeugungsort Abingdon, Oxfordshire [u.a.] :
Produzent, Herausgeber, Distributor, Hersteller Carfax Publ. Comp.,
Datum der Herstellung, der Veröffentlichung, des Vertriebs oder des Urheberschutzvermerks 1993
362 0# - Erscheinungsdaten und/oder Bandbezeichnung
Datumsangaben der Veröffentlichung und/oder Bandbezeichnung 45.1993 -
500 ## - Allgemeine Fußnote
Allgemeine Fußnote Online-Angebot nicht frei zugänglich, Zugriff nur im DHI-Lesesaal
655 #0 - Indexierungsterm - Genre/Form
Genre/Form oder fokussierter Term Elektronische Zeitschrift
710 2# - Nebeneintragung - Körperschaftsname
Körperschafts- oder Gebietskörperschaftsname als Eintragungselement University Glasgow
856 4# - Elektronische Adresse und Zugriff
URL <a href="http://www.jstor.org/journal/euroasiastud">http://www.jstor.org/journal/euroasiastud</a>
910 00 - USER-OPTION DATA (OCLC)
User-option data 45.1993-64.2012
942 ## - Zusätzliche Felder (Koha)
Koha-Medientyp Zeitschriften
Klassifikation oder Aufstellungssystematik Andere/Generische Klassifikation
Exemplare
Ausgeschieden Verloren Klassifikation oder Aufstellungssystematik Beschädigt Nicht entleihbar Heimatbibliothek Aufenthaltsbibliothek Aufstellungsort Erwerbungsdatum Heft/Jahrgang Inventarnummer Signatur Barcode Letzte Aktivität Preis gültig von Koha-Medientyp
    Andere/Generische Klassifikation     MWN Osteuropa MWN Osteuropa Online-Ressource 06/07/2011 45.1993-72.2020 06-JSTOR ZS-Online02 39627 18/03/2021 22/03/2021 Zeitschriften